<?xml version="1.0" encoding="UTF-8"?>
<record
    xmlns:xsi="http://www.w3.org/2001/XMLSchema-instance"
    xsi:schemaLocation="http://www.loc.gov/MARC21/slim http://www.loc.gov/standards/marcxml/schema/MARC21slim.xsd"
    xmlns="http://www.loc.gov/MARC21/slim">

  <leader>01604    a2200193   4500</leader>
  <controlfield tag="003">Nust</controlfield>
  <controlfield tag="005">20221219101216.0</controlfield>
  <datafield tag="020" ind1=" " ind2=" ">
    <subfield code="a">9780070671553</subfield>
  </datafield>
  <datafield tag="040" ind1=" " ind2=" ">
    <subfield code="c">Nust</subfield>
  </datafield>
  <datafield tag="082" ind1=" " ind2=" ">
    <subfield code="a">621.3824,KRA</subfield>
  </datafield>
  <datafield tag="100" ind1=" " ind2=" ">
    <subfield code="a">D Kraus, John </subfield>
    <subfield code="9">105163</subfield>
  </datafield>
  <datafield tag="245" ind1=" " ind2=" ">
    <subfield code="a">Antennas and wave propogation /</subfield>
    <subfield code="c">John D Kraus, Ronald J Marhefka , Ahmad S Khan</subfield>
  </datafield>
  <datafield tag="250" ind1=" " ind2=" ">
    <subfield code="a">4th Edition</subfield>
  </datafield>
  <datafield tag="260" ind1=" " ind2=" ">
    <subfield code="a">New Delhi</subfield>
    <subfield code="b">Tata McGraw Hill</subfield>
    <subfield code="c">2010</subfield>
  </datafield>
  <datafield tag="300" ind1=" " ind2=" ">
    <subfield code="a">xxiii,906p.</subfield>
  </datafield>
  <datafield tag="505" ind1=" " ind2=" ">
    <subfield code="a">Introduction (Page-1), Antenna Basics (Page-80, The Antenna Family (Page-53), Radiation (Page-690, Point Sources and their Arrays (Page-86), Electric Dipoles, thin Linear Antennas and Arrays of Dipoles and Apertures (Page-156), Loop, Slot and Horn Antennas (Page-246), Helical Antennas (Page-297), Reflector Antennas (Page-3680, Lens Antennas (Page-399), Broadband and Frequency-Independent Antennas (Page-423), The Cylindrical Antenna and the Moment Method (MM) (Page 443), Frequency-Selective Surfaces and periodic Structures (Page-478), Microstrip Antennas (Page-5000, Antennas for Special Applications (Page-523), Practical Design Consideration of Large Aperture Antennas (Page-596), Antenna Temperature, Remote Sensing and Radar Cross Section (Page-621), Self and Mutual Impedances (Page-654), The Fourier Transform Relation Between Aperture Distribution and Far-Field Pattern (Page-669), Baluns,etc. (Page-695), Antenna Measurements (Page-715), Basics of Wave Propagation (Page-715), Ground Wave Propagation (Page-782), Space Wave Propagation (Page-799), Sky Wave Propagation (Page-815).</subfield>
  </datafield>
  <datafield tag="650" ind1=" " ind2=" ">
    <subfield code="a">Telecommunication Engineering</subfield>
  </datafield>
  <datafield tag="942" ind1=" " ind2=" ">
    <subfield code="2">ddc</subfield>
    <subfield code="c">BK</subfield>
  </datafield>
  <datafield tag="999" ind1=" " ind2=" ">
    <subfield code="c">189251</subfield>
    <subfield code="d">189251</subfield>
  </datafield>
  <datafield tag="952" ind1=" " ind2=" ">
    <subfield code="0">0</subfield>
    <subfield code="1">0</subfield>
    <subfield code="2">ddc</subfield>
    <subfield code="4">0</subfield>
    <subfield code="7">0</subfield>
    <subfield code="a">MCS</subfield>
    <subfield code="b">MCS</subfield>
    <subfield code="c">GEN</subfield>
    <subfield code="d">2016-12-12</subfield>
    <subfield code="o">621.3824,KRA</subfield>
    <subfield code="p">MCS35029</subfield>
    <subfield code="r">2016-12-08</subfield>
    <subfield code="w">2016-12-12</subfield>
    <subfield code="y">BK</subfield>
    <subfield code="z">Almirah No.37, Shelf No.5</subfield>
  </datafield>
  <datafield tag="952" ind1=" " ind2=" ">
    <subfield code="0">0</subfield>
    <subfield code="1">0</subfield>
    <subfield code="2">ddc</subfield>
    <subfield code="4">0</subfield>
    <subfield code="7">0</subfield>
    <subfield code="a">MCS</subfield>
    <subfield code="b">MCS</subfield>
    <subfield code="c">GEN</subfield>
    <subfield code="d">2022-12-19</subfield>
    <subfield code="l">1</subfield>
    <subfield code="o">621.3824,KRA</subfield>
    <subfield code="p">MCS37441</subfield>
    <subfield code="r">2025-02-11</subfield>
    <subfield code="s">2025-02-04</subfield>
    <subfield code="w">2022-12-19</subfield>
    <subfield code="y">BK</subfield>
    <subfield code="z">Almirah No.37, Shelf No.5</subfield>
  </datafield>
</record>
